000 02153cam a22005054i 4500
003 PE-LiUPU
005 20250731173015.0
008 150623s1989 nyu rb 000 0 eng d
020 _a0192835890
035 _a(Sirsi) i9780192835895
040 _aPE-LiUPU
_bspa
_cPE-LiUPU
_erda
049 _aPRUA
082 0 4 _a299.199
_bM55
_221
245 0 0 _aMyths from Mesopotamia :
_bcreation, the flood, Gilgamesh, and others /
_ctraducido y con una introducción y notas de Stephanie Dalley.
264 1 _aNew York, NY :
_bOxford University Press,
_c1989.
300 _a337 páginas ;
_c20 centímetros.
336 _atext
_2rdacontent
337 _aunmediated
_2rdamedia
338 _avolume
_2rdacarrier
490 0 _aOxford World's Classics
504 _aIncluye bibliografía.
505 0 _aChronological chart -- Atrahasis -- The Epic of Gilgamesh, standard version Old babylonian version -- The descent of Ishtar to the underworld -- Nergal and ereshkigal -- Adapa -- Etana -- Anzu -- The epic of creation -- Yheogony of dunnu -- Erra and ishum.
526 _aSEG42
526 _aSEG41
526 _aSEG40
526 _aSEG39
526 _aP94
526 _aP87
526 _aP86
526 _aP85
526 _aP77
526 _aP76
526 _aP35
650 0 4 _aMitología asirio-babilónica.
700 1 _aStephanie Dalley,
_etr.
942 _2ddc
_cBOOK
949 _a299.199 M55
_wDEWEY
_c1
_i47265
_lCCODEBUL1
_mBUL
_r0
_sY
_tBOOK
_u2015-6-24
_xTEOLOGIA
_PP35
_0COMPRA
_o.STAFF. Colección General
949 _a299.199 M55
_wDEWEY
_c2
_i50398
_lCCODEBUL1
_mBUL
_r0
_sY
_tBOOK
_u2015-6-24
_xTEOLOGIA
_PP35
_0COMPRA
_o.STAFF. Colección General
994 _aC0
_bPEPRU
596 _a1
999 _a299.199 M55
_wDEWEY
_c23809
_i47265
_d23809
_e2017-10-13
_f2021-11-11
_g4
_lCCODEBUL1
_mBUL
_n1
_r0
_sY
_tBOOK
_u2015-6-24
_xTEOLOGIA
_PP35
_0COMPRA
_o.STAFF. Colección General
999 _a299.199 M55
_wDEWEY
_c2
_i50398
_d2017-8-23
_e2017-8-20
_f2021-11-11
_g5
_lCCODEBUL1
_mBUL
_n1
_p12.26
_r0
_sY
_tBOOK
_u2015-6-24
_xTEOLOGIA
_PP35
_0COMPRA
_o.STAFF. Colección Teología
980 _81
_gALBERTO SANCHEZ Responsable de Automatización